000 00701nam a22001937a 4500
999 _c167575
_d167575
005 20190912151200.0
010 _aENG-126459
020 _c174.00
_a978-93-83470-14-3
035 _aEN-109991
037 _bDBAD/PUB
082 _a004
100 _aSubramanyam,A
245 _aInfromation & Communication Technology:
_cby A Subramanyam [and] S Mohan Naidu
_bComputer Fundamental and Office Tools/
260 _aHyderabad
_bSpecturm Techno
_c2018
270 _bHyderabad
_a#326/C,1st Floor,Surneni Nilayam Near B K Guda Park,S R Nagar
_e500038
_k++91 40 23710657,238000657
_l+91 40 23810657
300 _a200p.
_c24cm(pbk)
700 _aNaidu,S Mohan
942 _2ddc
_cEN
_h004
_mSUB